| 000 | 01402nam a2200361 i 4500 | ||
|---|---|---|---|
| 001 | 12163 | ||
| 003 | ES-MaACL | ||
| 005 | 20230906150244.0 | ||
| 007 | t| | ||
| 008 | 900907s1988 sp ||||0| spa j ..| | ||
| 015 | _a1990-JUN-11601 | ||
| 016 | 7 | _zSAB9000089053 | |
| 020 | _a84-7498-302-9 | ||
| 040 |
_aM-BN-DP _bspa _cM-BN-DP |
||
| 080 | _a330.15(465.2):681.31.019 | ||
| 080 | _a681.31.066 ERAFIS | ||
| 080 | _a681.31.019:330.15(465.2) | ||
| 100 | 0 |
_aGonzález Alonso, F. _958411 |
|
| 245 | 1 | 0 |
_aAplicación del sistema informático ERAFIS al reconocimiento y discriminación de los usos del suelo en la provincia de Toledo a partir de imágenes digitales MSS-LANDSAT 4 / _cF. González Alonso, J.M. Cuevas Gozalo, J. Moro Serrano. |
| 260 |
_aMadrid : _bInstituto Nacional de Investigaciones Agrarias, _c1988. |
||
| 300 |
_a158 p : _bil. col. y n ; _c24 cm. |
||
| 490 | 1 |
_aMonografías I.N.I.A. ; _v64 |
|
| 504 | _aBibliografía: p. 102. | ||
| 650 | 1 | 4 |
_aSuelos- _zToledo (Provincia)- _xProceso de datos. _917250 |
| 650 | 1 | 4 |
_aProceso de imágenes. _916435 |
| 650 | 1 | 4 |
_aErafis. _912344 |
| 700 | 1 |
_aCuevas Gozalo, José Miguel. _942109 |
|
| 700 | 1 |
_aMoro Serrano, J. _983628 |
|
| 710 | 2 |
_aInstituto Nacional de Investigaciones Agrarias (España) _95168 |
|
| 830 | 0 |
_aMonografías I.N.I.A. ; _v64 _9177538 |
|
| 852 |
_aES-MaACL _jL-19454 _bR.115897 |
||
| 999 |
_c12163 _d12163 |
||